000 00429nam a2200181Ia 4500
003 GCL
008 140319s9999 xx 000 0 eng d
040 _aGCL /
_cGCL
082 0 4 _aCH
_b783.12
_bR P
100 1 _aREVENU, MURIEL
245 1 0 _aLA POTE A SEL C'EST FACILE /
_cREVENU, MURIEL
260 _a[S.N] :
_bFLEURUS IDEAS
300 _a48 P
650 0 4 _aCHILDREN
650 0 4 _aARTS
650 0 4 _aCLAY
942 _2ddc
_cBK
999 _c15438
_d15438